[Event "SWE-chT 0809"]
[Site "Sweden"]
[Date "2009.03.14"]
[Round "10"]
[White "Olsson, Anders"]
[Black "Tadjerbashi, Amir"]
[Result "1-0"]
[WhiteElo "2468"]
[BlackElo "2260"]
[PlyCount "107"]
[EventDate "2008.10.25"]
[EventType "team-tourn"]
[EventRounds "11"]
[EventCountry "SWE"]
[SourceTitle "EXT 2011"]
[Source "ChessBase"]
[SourceDate "2010.11.26"]
[SourceVersion "1"]
[SourceVersionDate "2010.11.26"]
[SourceQuality "1"]

1. e4 e5 2. Nf3 Nc6 3. Bc4 Bc5 4. 0-0 Nf6 5. d3 d6 6. c3 a6 7. Nbd2 Ba7 8. Bb3 0-0 9. h3 h6 10. Re1 Nh5 11. Nf1 Qf6 12. Be3 Bxe3 13. fxe3 g6 14. d4 Kh8 15. Rc1 Qe7 16. c4 Ng7 17. c5 f5 18. cxd6 cxd6 19. Bc2 fxe4 20. Bxe4 Bf5 21. Bxc6 bxc6 22. e4 Bd7 23. dxe5 dxe5 24. N1d2 Rad8 25. Qc2 Kh7 26. Qc5 Qf6 27. Qxe5 Qxe5 28. Nxe5 Bxh3 29. Ndf3 Be6 30. Rxc6 Bxa2 31. Nxg6 Rfe8 32. Nge5 Re6 33. Ra1 Rxc6 34. Nxc6 Rd6 35. Nfd4 Bc4 36. Kf2 Ne6 37. Ke3 Nxd4 38. Nxd4 Rb6 39. Rc1 Bf7 40. Rc7 Kg7 41. e5 Kg6 42. Rc2 Bd5 43. Rf2 Kg5 44. Rf5+ Kg4 45. Rf2 h5 46. e6 Bxe6 47. Rf6 Kg5 48. Rxe6 Rxb2 49. Nf3+ Kf5 50. Rxa6 Rb3+ 51. Kf2 Rb2+ 52. Kg3 Rb8 53. Nh4+ Ke4 54. Ra4+ 1-0

[Event "SWE-chT 0708"]
[Site "Sweden"]
[Date "2007.11.17"]
[Round "4"]
[White "Tadjerbashi, Amir"]
[Black "Friberg, Hans"]
[Result "0-1"]
[WhiteElo "2244"]
[BlackElo "2271"]
[PlyCount "86"]
[EventDate "2007.10.19"]
[EventType "team"]
[EventRounds "11"]
[EventCountry "SWE"]
[SourceTitle "EXT 2009"]
[Source "ChessBase"]
[SourceDate "2008.11.26"]
[SourceVersion "1"]
[SourceVersionDate "2008.11.26"]
[SourceQuality "1"]
[WhiteTeam "Limhamn"]
[BlackTeam "Skara"]
[WhiteTeamCountry "SWE"]
[BlackTeamCountry "SWE"]

1. e4 Nf6 2. e5 Nd5 3. d4 d6 4. c4 Nb6 5. exd6 cxd6 6. Nc3 g6 7. Be3 Bg7 8. Rc1 0-0 9. b3 Nc6 10. Nf3 Bg4 11. Be2 d5 12. c5 Nc8 13. 0-0 Bxf3 14. Bxf3 e6 15. Qd2 N8e7 16. Ne2 Nf5 17. g3 Qf6 18. Bg4 Nfxd4 19. Nxd4 Nxd4 20. Bxd4 Qxd4 21. Qxd4 Bxd4 22. Rfd1 Bg7 23. c6 bxc6 24. Rxc6 Rfc8 25. Rdc1 Rxc6 26. Rxc6 a5 27. Be2 a4 28. Ra6 Rxa6 29. Bxa6 a3 30. Kf1 Bc3 31. Ke2 Bb4 32. f3 g5 33. Bb5 Kf8 34. f4 gxf4 35. gxf4 Ke7 36. Bd3 h6 37. h3 Kd6 38. Bh7 f6 39. Kd3 e5 40. fxe5+ fxe5 41. Ke3 e4 42. Bg8 Ke5 43. Ke2 d4 0-1

[Event "Politiken Cup 29th"]
[Site "Copenhagen"]
[Date "2007.07.29"]
[Round "10"]
[White "Hobber, Anders"]
[Black "Tadjerbashi, Amir"]
[Result "1/2-1/2"]
[WhiteElo "1954"]
[BlackElo "2182"]
[PlyCount "37"]
[EventDate "2007.07.21"]
[EventType "swiss"]
[EventRounds "10"]
[EventCountry "DEN"]
[SourceTitle "CBM 119 Extra"]
[Source "ChessBase"]
[SourceDate "2007.09.04"]
[SourceVersion "1"]
[SourceVersionDate "2007.09.04"]
[SourceQuality "1"]

1. Nf3 Nf6 2. d4 d5 3. c4 e6 4. Nc3 c6 5. e3 Nbd7 6. Bd3 dxc4 7. Bxc4 b5 8. Bd3 a6 9. 0-0 c5 10. Qe2 Bb7 11. Rd1 b4 12. Na4 cxd4 13. exd4 Qa5 14. b3 Bd6 15. Nb2 Qh5 16. Nc4 Bc7 17. Nfe5 Qxe2 18. Bxe2 Nxe5 19. dxe5 1/2-1/2